Rubber-filler interaction, cure and viscoelastic properties in black filled nitrile rubber (NBR) compounds modified by functionalized liquid polybutadiene (Record no. 68208)

MARC details
000 -LEADER
fixed length control field 00683nam a2200217Ia 4500
100 ## - MAIN ENTRY--AUTHOR NAME
Personal name Hatthapanit K
245 #0 - TITLE STATEMENT
Title Rubber-filler interaction, cure and viscoelastic properties in black filled nitrile rubber (NBR) compounds modified by functionalized liquid polybutadiene
260 ## - PUBLICATION, DISTRIBUTION, ETC. (IMPRINT)
Name of publisher Kautschuk Gummi Kunststoffe
Year of publication 2011
300 ## - PHYSICAL DESCRIPTION
Number of Pages 54-60
650 ## - SUBJECT ADDED ENTRY--TOPICAL TERM
Topical Term Bound rubber
650 ## - SUBJECT ADDED ENTRY--TOPICAL TERM
Topical Term Cure bahaviour
650 ## - SUBJECT ADDED ENTRY--TOPICAL TERM
Topical Term Nitrile rubber
650 ## - SUBJECT ADDED ENTRY--TOPICAL TERM
Topical Term Rubber-filler interaction
650 ## - SUBJECT ADDED ENTRY--TOPICAL TERM
Topical Term Viscoelastic behavior
700 ## - ADDED ENTRY--PERSONAL NAME
Personal name Nillawong M
700 ## - ADDED ENTRY--PERSONAL NAME
Personal name Saeoui P
700 ## - ADDED ENTRY--PERSONAL NAME
Personal name Sirisinha C
700 ## - ADDED ENTRY--PERSONAL NAME
Personal name Sombatsompop N
942 ## - ADDED ENTRY ELEMENTS (KOHA)
Koha item type Journals
Holdings
Withdrawn status Lost status Damaged status Not for loan Home library Current library Shelving location Date acquired Serial Enumeration / chronology Koha item type
      Journals RRII Library RRII Library Rubber technology 23/01/2012 Volume 64, Issue 10 Journals